Marketing značky na trhu potravín bakalárska práca

Guardado en:
Detalles Bibliográficos
Autor principal: Kiss, Róbert
Autor Corporativo: Obchodná fakulta EU. Katedra marketingu
Otros Autores: Loydlová, Miroslava
Formato: Libro
Lenguaje:eslovaco
Publicado: Bratislava 2020
Etiquetas: Agregar Etiqueta
Sin Etiquetas, Sea el primero en etiquetar este registro!

MARC

LEADER 00000nbm a2200000 4500
001 0268071
005 20201006101203.0
041 0 |a slo 
044 |a SK 
245 1 0 |a Marketing značky na trhu potravín  |b bakalárska práca  |c Róbert Kiss ; školiteľ: Miroslava Loydlová 
264 1 |a Bratislava  |c 2020 
300 |a 55 s. 
100 1 |a Kiss, Róbert 
700 1 |a Loydlová, Miroslava 
710 2 |a Obchodná fakulta EU. Katedra marketingu